A reputáció és az árképzés kapcsolata a budapesti online szállásfoglalási piacon

Bibliográfiai részletek
Szerző: Somlay Barbara
További közreműködők: Juhász Dr. László
Dokumentumtípus: Diplomadolgozat
Kulcsszavak:Online reputációs menedzsment
Revenue management
Online szállásfoglalás
Szállodai minőségfejlesztés
Budapesti szállodák
Online Access:http://dolgozattar.uni-bge.hu/2292

MARC

LEADER 00000nta a2200000 i 4500
001 dolg2292
005 20150922143657.0
008 150507suuuu hu om 000 hun d
040 |a BGE Dolgozattár Repozitórium  |b hun 
041 |a hu 
100 1 |a Somlay Barbara 
245 1 2 |a A reputáció és az árképzés kapcsolata a budapesti online szállásfoglalási piacon  |c Somlay Barbara  |h [elektronikus dokumentum] 
695 |a Online reputációs menedzsment 
695 |a Revenue management 
695 |a Online szállásfoglalás 
695 |a Szállodai minőségfejlesztés 
695 |a Budapesti szállodák 
700 1 |a Juhász Dr. László  |e ths 
856 4 0 |u http://dolgozattar.uni-bge.hu/2292/1/Szakdolgozat_Somlay.pdf  |z Dokumentum-elérés